000 00635nam a22001937a 4500
005 20220202104212.0
008 220202b ||||| |||| 00| 0 eng d
020 _a9781292259239
050 _aHD58.7.R62(18e)
100 _9Robbins, Stephen P.
245 _aOrganizational behavior. /
_cStephen P. Robbins and Timothy A. Judge
250 _a18th ed.
260 _aNew York:
_bPearson Edu. Ltd.;
_c2019.
300 _a770 p.:
_bill.;
_c28 cm.
500 _aIncludes Index and glossary.
505 _aContents: Introduction -- The individual -- The group -- The organization system
700 _aJudge, Timothy A.
942 _2lcc
_cBK
999 _c8589
_d16089